<?xml version="1.0" encoding="UTF-8"?>
<collection xmlns="http://www.loc.gov/MARC21/slim">
 <record>
  <leader>01344nam a2200229Ia 4500</leader>
  <controlfield tag="001">TDMU_21536</controlfield>
  <controlfield tag="008">210410s9999    xx            000 0 und d</controlfield>
  <datafield tag="082" ind1=" " ind2=" ">
   <subfield code="a">398.208999</subfield>
  </datafield>
  <datafield tag="090" ind1=" " ind2=" ">
   <subfield code="b">TR561</subfield>
  </datafield>
  <datafield tag="100" ind1=" " ind2=" ">
   <subfield code="a">Trương, Bi</subfield>
  </datafield>
  <datafield tag="245" ind1=" " ind2="0">
   <subfield code="a">Kho tàng truyện cổ Ê Đê</subfield>
  </datafield>
  <datafield tag="245" ind1=" " ind2="0">
   <subfield code="b">Sự tích hạt gạo</subfield>
  </datafield>
  <datafield tag="245" ind1=" " ind2="0">
   <subfield code="c">Trương Bi, Y Wơn (s.t &amp; dịch)</subfield>
  </datafield>
  <datafield tag="260" ind1=" " ind2=" ">
   <subfield code="a">H.</subfield>
  </datafield>
  <datafield tag="260" ind1=" " ind2=" ">
   <subfield code="b">Văn hóa thông tin</subfield>
  </datafield>
  <datafield tag="260" ind1=" " ind2=" ">
   <subfield code="c">2014</subfield>
  </datafield>
  <datafield tag="300" ind1=" " ind2=" ">
   <subfield code="a">179 tr</subfield>
  </datafield>
  <datafield tag="520" ind1=" " ind2=" ">
   <subfield code="a">Gồm: Tập truyện cổ của dân tộc Ê Đê M'Dhur ở huyện M'Đrắk - Đắk Lắk bằng song ngữ Việt - Ê Đê về sự tích sông núi, phong tục tập quán; chứa đựng ước mơ, hoài bão, tính nhân văn sâu sắc của đồng bào Ê Đê M'Dhur nói riêng và đồng bào các dân tộc Đăk Lăk nói chung.</subfield>
  </datafield>
  <datafield tag="650" ind1=" " ind2=" ">
   <subfield code="a">Văn học dân gian</subfield>
   <subfield code="x">Truyện cổ</subfield>
   <subfield code="x">Dân tộc Ê Đê M'Dhur</subfield>
   <subfield code="z">Đắk Lắk (Việt Nam); Truyện cổ</subfield>
   <subfield code="x">Dân tộc Ê Đê M'Dhur</subfield>
   <subfield code="z">Đắk Lắk (Việt Nam); Dân tộc Ê Đê M'Dhur</subfield>
   <subfield code="x">Văn học</subfield>
   <subfield code="x">Truyện cổ</subfield>
  </datafield>
  <datafield tag="700" ind1=" " ind2=" ">
   <subfield code="a">Y, Wơn</subfield>
  </datafield>
  <datafield tag="856" ind1=" " ind2=" ">
   <subfield code="u">http://lrc.tdmu.edu.vn/opac/search/detail.asp?aID=2&amp;ID=21536</subfield>
  </datafield>
  <datafield tag="980" ind1=" " ind2=" ">
   <subfield code="a">Trung tâm Học liệu Trường Đại học Thủ Dầu Một</subfield>
  </datafield>
 </record>
</collection>
